000
00225nam a2200097Ia 4500
008
240331s9999 xx 000 0 und d
082
_a
082
_b
DES
100
_a
De Silva,C.R
245
4
_a
The American Impact on Sri Lanka
942
_c
L
999
_c
648
_d
648